000 00994cam a2200313 a 4500
001 1979
003 FISKH
005 20231024100051.0
008 900515s1989 ilu j 000 1 eng
010 _a 90002153
020 _a0824953088
020 _a9780824953089
040 _aDLC
_cDLC
_dDLC
_beng
042 _alcac
050 0 0 _aPZ7.H15466
_bMy 1989
082 0 0 _a370
_220
100 1 _aHallinan, P. K.
245 1 0 _aMy teacher's my friend /
_cwritten and illustrated by P. K. Hallinan.
260 _aChicago :
_bIdeals Children's Book,
_c1989.
300 _a24 unnumbered pages :
_bcolor illustrations ;
_c28 cm
505 _aE
520 _aA boy describes his various activities at school and explains how his teacher is both his leader and his friend.
521 8 _a260
_bLexile estimate
521 8 _aE
_bRaz-Plus
650 1 _aTeachers
_xFiction.
650 1 _aSchools
_xFiction.
906 _a7
_bcbc
_corignew
_d1
_eocip
_f19
_gy-gencatlg
942 _2ddc
_cBK
_n0
999 _c1979
_d1979